Taje marketingové inovace

Marketingoví inovátori a ich výhody pred konkurenciou. Dôležité vlastnosti marketingových inovátorov. Faktor času v inováciách. Japonci ako vynikajúci inovátori. Získavanie informácií a správ v marketingovom okolí.

Salvato in:
Dettagli Bibliografici
Autore principale: Veselá, Jitka
Natura: Capitolo di libro
Lingua:ceco
Soggetti:
Tags: Aggiungi Tag
Nessun Tag, puoi essere il primo ad aggiungerne!!

MARC

LEADER 00000naa$a2200000$$$4500
001 0023638
005 20231018124046.5
041 0 |a cze 
044 |a CZ 
245 1 0 |a Taje marketingové inovace  |c Jitka Veselá 
520 |a Marketingoví inovátori a ich výhody pred konkurenciou. Dôležité vlastnosti marketingových inovátorov. Faktor času v inováciách. Japonci ako vynikajúci inovátori. Získavanie informácií a správ v marketingovom okolí. 
610 2 0 |a manažéri 
610 2 0 |a manažment inovačný 
610 2 0 |a riadenie podnikové 
610 2 0 |a marketing manažment 
610 2 0 |a firmy 
610 2 0 |a projekty 
610 2 0 |a informácie 
610 2 0 |a Japonsko 
100 1 |a Veselá, Jitka